Statistiche per Riconosci l'Anno dagli eventi - Quiz n°51

Clicka qui per fare il quiz!

Statistiche generali

  • Questo quiz è stato fatto 5 volte
  • Il punteggio medio è 5 su 8

Statistiche sulle risposte

IndizioRisposta% Corretto
AL'imperatore Claudio torna a Roma in trionfo, avendo completato la conquista romana della parte sud-orientale della Britannia. Ma la guerra sarà ancora lunga, impegnando le truppe romane per più di un decennio.
100%
GMinjung diventa sovrano del regno coreano di Goguryeo.
80%
EAlla morte di Erode Agrippa I, l'imperatore Claudio decide di riportare Giudea e Samaria sotto diretto controllo romano, nominando un procurator Augusti, Cuspio Fado, a governarla. Al fratello di Agrippa I, Erode di Calcide, è affidato il controllo del Tempio di Gerusalemme e la nomina del Sommo sacerdote.
60%
BBudicca, futura leader della rivolta anti-romana dei Britanni, sposa Prasutago e diventa regina degli Iceni.
60%
CLa Mauretania diventa una provincia romana.
60%
DL'isola di Rodi ritorna sotto il controllo dell'Impero romano.
60%
FPomponio Mela scrive De situ orbis ("La posizione della terra"), un trattato di geografia.
60%
Anno44
20%

Distribuzione punteggi

Percentile per numero di risposta

Percentuale di utenti per punteggio

I tuoi punteggi nel tempo

Non hai fatto questo quiz